• 首页
  • 本馆介绍
  • 公告通知
  • 最新文献
  • 馆藏检索
  • 电子资源
  • 读者导购
  • 参考咨询
  • 我的图书馆
  • 登录
  • 详细信息显示
  • 放入我的书架
  • 预约/预借图书
  • 作者相关作品
  • 分类相关作品
  • 丛书相关作品
  • 出版社相关作品

书目信息

  • 表格格式
  • 工作单格式
  • 卡片格式
题名:
清初尺牍选本研究
    
 
作者: 陆学松 著
分册:  
出版信息: 南京   东南大学出版社  2019.12
页数: 234页
开本: 26cm
丛书名:
单 册:
中图分类: I207.62
科图分类:
主题词: 书信集--shu xin ji--文学研究--中国--清前期
电子资源:
ISBN: 978-7-5641-8702-6
000 01858nam0 2200253 450
001 2133103531
005 20211025190356.0
010    @a978-7-5641-8702-6@dCNY48.00
100    @a20200628d2019 em y0chiy0120 ea
101 0  @achi
102    @aCN@b320000
105    @ay z 000yy
106    @ar
200 1  @a清初尺牍选本研究@Aqing chu chi du xuan ben yan jiu@f陆学松著
210    @a南京@c东南大学出版社@d2019.12
215    @a234页@d26cm
300    @a扬州市社科联重大课题资助项目出版项目
314    @a陆学松,1976年8月生,扬州邗江人。1999年本科毕业于苏州大学汉语言文学教育专业。
330    @a全书除绪论之外,共有八个章节:绪论部分为总论,说明清初尺牍选本存在的现状,揭示其蕴含的价值以及目前学术界对此研究的现状与发展趋势等;第一章重点说明清初尺牍选本之所以流行的各种因素,清初尺牍选本承袭了晚明以来尺牍与尺牍选本盛行的风气,明末清初特定时期形成各种社会思潮也对之产生了重要的影响,清初特殊的遗民氛围、书籍市场的兴盛等因素也造就了清初尺牍选本刊刻的生态环境;第二章至第五章为各尺牍选家与各种尺牍选本的分论,主要以李渔与他的三种尺牍选本、周亮工与《尺牍新钞》三选、汪淇与《分类尺牍新语》三编、陈枚与《写心集》二集、黄容、王维翰与《尺牍兰言》、王元勋、程化騄《名人尺牍选》和张潮《尺牍偶存》、《尺牍友声》等为研究对象,考证、分析各种选本的编选动机、编选理念、成书过程以及版本流传等;第六章从各选本稿件搜集的角度研究清初各尺牍选本的稿件来源渠道与时空分布特点;第七章着重从整体角度研究以周亮工、李渔、汪琪等文人兼书商为代表的清初士人尺牍文学观念,分析他们对于尺牍文体的认知,他们对尺牍分类的观念以及他们对于尺牍评点、删节的原则和方法;第八章则是从尺牍选本“存人”、“存文”的文献资料价值出发,以举隅的形式初步考证一些士人的遗佚文献,以说明其文献价值之一斑。
606 0  @a书信集@Ashu xin ji@x文学研究@y中国@z清前期
690    @aI207.62@v5
701  0 @a陆学松@Alu xue song@f(1976-)@4著
801  0 @aCN@b百万庄@c20211025
905    @b1312061-64@dI207.62@e1031@f4
    
    清初尺牍选本研究/陆学松著.-南京:东南大学出版社,2019.12
    234页;26cm
    扬州市社科联重大课题资助项目出版项目
    
    ISBN 978-7-5641-8702-6:CNY48.00
    全书除绪论之外,共有八个章节:绪论部分为总论,说明清初尺牍选本存在的现状,揭示其蕴含的价值以及目前学术界对此研究的现状与发展趋势等;第一章重点说明清初尺牍选本之所以流行的各种因素,清初尺牍选本承袭了晚明以来尺牍与尺牍选本盛行的风气,明末清初特定时期形成各种社会思潮也对之产生了重要的影响,清初特殊的遗民氛围、书籍市场的兴盛等因素也造就了清初尺牍选本刊刻的生态环境;第二章至第五章为各尺牍选家与各种尺牍选本的分论,主要以李渔与他的三种尺牍选本、周亮工与《尺牍新钞》三选、汪淇与《分类尺牍新语》三编、陈枚与《写心集》二集、黄容、王维翰与《尺牍兰言》、王元勋、程化騄《名人尺牍选》和张潮《尺牍偶存》、《尺牍友声》等为研究对象,考证、分析各种选本的编选动机、编选理念、成书过程以及版本流传等;第六章从各选本稿件搜集的角度研究清初各尺牍选本的稿件来源渠道与时空分布特点;第七章着重从整体角度研究以周亮工、李渔、汪琪等文人兼书商为代表的清初士人尺牍文学观念,分析他们对于尺牍文体的认知,他们对尺牍分类的观念以及他们对于尺牍评点、删节的原则和方法;第八章则是从尺牍选本“存人”、“存文”的文献资料价值出发,以举隅的形式初步考证一些士人的遗佚文献,以说明其文献价值之一斑。
●
相关链接 在E读中查询图书 在五车中查询图书 在当当中查询图书 在豆瓣中查询图书


正题名:清初尺牍选本研究     索取号:I207.62/1031         预约/预借

序号 登录号 条形码 馆藏地/架位号 状态 备注
1 1312061   213120610   第一样本阅览室/ [索取号:I207.62/1031] 在馆    
2 1312062   213120629   第二借阅区/ [索取号:I207.62/1031] 在馆    
3 1312063   213120638   第二借阅区/ [索取号:I207.62/1031] 在馆    
4 1312064   213120647   第二借阅区/ [索取号:I207.62/1031] 在馆    
唐山师范学院图书馆 欢迎您!
大连网信软件有限公司© 版权所有